| 000 | 01480nam a2200397 i 4500 | ||
|---|---|---|---|
| 001 | DIGICB0493 | ||
| 003 | NyNyDIG | ||
| 007 | cr ||||||||||| | ||
| 008 | 230501s2012 sp a o 000 0 spa d | ||
| 006 | m o d | ||
| 035 | _a(OCoLC)1379453937 | ||
| 040 |
_aDGITA _beng _erda _epn _cDGITA |
||
| 020 |
_a9788418781414 _qpdf |
||
| 020 | _z9788415540533 | ||
| 050 | 1 | 4 | _aQA76.76.H94 ebook |
| 245 | 0 | 0 |
_aIntroducción al lenguaje HTML 5 / _ccoordinadora de la obra, Ma. Dolores Pérez Rodríguez. |
| 250 | _a1a edición. | ||
| 264 | 1 |
_aMálaga, España : _bICB Editores, _c[2012] |
|
| 300 |
_a1 online resource : _billustrations. |
||
| 336 |
_atext _btxt _2rdacontent |
||
| 337 |
_acomputer _bc _2rdamedia |
||
| 338 |
_aonline resource _bcr _2rdacarrier |
||
| 347 |
_atext file _2rdaft |
||
| 347 | _bPDF | ||
| 500 | _a"Incluye solucionario."--Cover. | ||
| 588 | 0 | _aOnline resource; title from PDF title page (Digitalia, viewed May 1, 2023) | |
| 650 | 0 | _aHTML (Document markup language) | |
| 650 | 0 |
_aWeb sites _xDesign. |
|
| 700 | 1 |
_aPérez Rodríguez, María Dolores, _eeditor. |
|
| 791 | 2 |
_aDigitalia (Firm), _edistributor. |
|
| 793 | 0 |
_gDigitalia eBook Collection: _aICB Editores |
|
| 776 | 0 | 8 |
_iPrint version: _tIntroducción al lenguaje HTML 5. _b1a edición. _dMálaga, España : ICB Editores, [2012] _z9788415540533 |
| 856 | 4 | 0 |
_3Digitalia Hispánica _uhttps://www.digitaliapublishing.com/a/124720/ |
| 910 | _aPremium collection: 2023 | ||
| 942 | _cRAA | ||
| 999 |
_c276769 _d276769 |
||